00530cam a2200181 a 4500001000800000005001700008008004100025010001700066020002400083040001800107041000800125080001800133082002200151100000700173101000800180245010900188504005100297102151920180124081408.0880912s1989 enk b 001 0 eng  a 88028905  a019828554X :c27.50 aDLCcDLCdDLC aeng a338.00724 DOR00a338.00724 DOR219 a52 aEKO00aJohn von Neumann and modern economics /cedited by Mohammed Dore, Sukhamoy Chakravarty, Richard Goodwin. aIncludes bibliographical references and index.